[Event "ESP-ch"]
[Site "Lleida"]
[Date "1991.??.??"]
[Round "3"]
[White "Gomez, Deltel Nazario"]
[Black "Diaz, A."]
[Result "1-0"]
[WhiteElo "2200"]
[BlackElo "2200"]

1.d4 d5 2.c4 e6 3.Nc3 c6 4.Nf3 Nf6 5.e3 dxc4 6.Bxc4 b5 7.Bd3 a6 8.e4 Nbd7
9.O-O Be7 10.Re1 O-O 11.Bc2 c5 12.d5 Nb6 13.d6 Qxd6 14.Qxd6 Bxd6 15.e5 Be7
16.exf6 Bxf6 17.Ne4 Be7 18.Be3 Nd7 19.Rad1  1-0

[Event "ESP-ch"]
[Site "Lleida"]
[Date "1991.??.??"]
[Round "4"]
[White "Comas Fabrego, Luis"]
[Black "Guerra, D."]
[Result "1/2-1/2"]
[WhiteElo "2405"]
[BlackElo "2305"]

1.d4 d5 2.c4 c6 3.Nf3 Nf6 4.Nc3 e6 5.e3 Nbd7 6.Be2 Ne4 7.Nxe4 dxe4 8.Nd2 f5
9.c5 b6 10.Qa4 Qc7 11.b4 Nf6 12.cxb6 Qxb6 13.Rb1 Nd5 14.Nc4 Qc7 15.Bd2 Bd6
16.Nxd6+ Qxd6 17.Qa5 O-O 18.O-O Bd7 19.Qc5 Qe7 20.Qxe7 Nxe7 21.f3 exf3 22.gxf3 Ng6
23.Bc3 Ne7 24.Bd2 Ng6 25.Kf2 Ne7 26.Rb3 Nd5 27.Rc1 Rf7 28.b5 cxb5 29.Bxb5 Bxb5
30.Rxb5 Rd7 31.Ke2 Kf7 32.a4 a6 33.Rb3 Raa7 34.Rc6 Ne7 35.Rc4 Rab7 36.Rxb7 Rxb7
37.e4 Ke8 38.Rb4 Rxb4 39.Bxb4 Nc6 40.Bc3 Kd7 41.Kd3 g5 42.Bd2 g4 43.fxg4 fxg4
44.Ke3 e5  1/2-1/2

[Event "ESP-ch"]
[Site "Lleida"]
[Date "1991.??.??"]
[Round "8"]
[White "Garcia Ilundain, David"]
[Black "Illescas Cordoba, Miguel"]
[Result "1/2-1/2"]
[WhiteElo "2545"]
[BlackElo "2370"]

1.d4 Nf6 2.Nf3 d5 3.c4 e6 4.Nc3 c6 5.e3 Nbd7 6.Bd3 dxc4 7.Bxc4 b5 8.Be2 Bb7
9.e4 b4 10.e5 bxc3 11.exf6 cxb2 12.fxg7 Bxg7 13.Bxb2 O-O 14.O-O c5 15.dxc5 Bxb2
16.Rb1 Bf6 17.Rxb7  1/2-1/2

[Event "London WFW"]
[Site "London"]
[Date "1991.??.??"]
[Round "?"]
[White "Wells, Peter K"]
[Black "Conquest, Stuart"]
[Result "1-0"]
[WhiteElo "2460"]
[BlackElo "2460"]

1.d4 d5 2.c4 c6 3.Nf3 Nf6 4.Nc3 e6 5.e3 Nbd7 6.Bd3 dxc4 7.Bxc4 b5 8.Bd3 b4
9.Na4 c5 10.e4 cxd4 11.Bb5 Qa5 12.Bc6 Rb8 13.O-O e5 14.Bf4 Bd6 15.Bg3 Bc7
16.Rc1 O-O 17.b3 Rd8 18.Bxd7 Nxd7 19.Nxd4 Nf6 20.Nc6 Rxd1 21.Rfxd1 Qb5 22.Nxb8 Bg4
23.Rxc7 Bxd1 24.Rc8+ Ne8 25.Nc6 h5 26.h4 Kh7 27.Rxe8 Qxc6 28.Rxe5 f6 29.Re7 Bg4
30.f3 Be6 31.Rxa7 Kg6 32.Kh2 Bf7 33.Rc7 Qb5 34.Nc5 Qe2 35.Nd7 Kh6 36.Nxf6 gxf6
37.Rxf7 Qxa2 38.Rxf6+ Kg7 39.Rb6 Qxb3 40.Bd6  1-0

[Event "Lloyds Bank op"]
[Site "London"]
[Date "1991.??.??"]
[Round "1"]
[White "Hempson, Peter W"]
[Black "Bagirov, Vladimir"]
[Result "0-1"]
[WhiteElo "2255"]
[BlackElo "2485"]

1.d4 d5 2.c4 c6 3.Nf3 e6 4.e3 Nf6 5.Nc3 Nbd7 6.Qc2 Bd6 7.e4 dxe4 8.Nxe4 Nxe4
9.Qxe4 c5 10.Be2 Nf6 11.Qe3 b6 12.O-O O-O 13.dxc5 Bxc5 14.Qg5 Bb7 15.Bf4 h6
16.Qe5 Ne4 17.Rad1 Qe7 18.Rd3 f6 19.Qh5 Rfd8 20.Qg6 Qf7 21.Qg4 h5 22.Qh3 Rxd3
23.Bxd3 Rd8 24.Bxe4 Bxe4 25.Nd2 Rd3 26.Qh4 g5 27.Bxg5 fxg5 28.Qxg5+ Bg6 29.Ne4 Qf5  0-1

[Event "USA-op Los Angeles"]
[Site "Los Angeles"]
[Date "1991.??.??"]
[Round "?"]
[White "Dzindzichashvili, Roman"]
[Black "Akopian, Vladimir"]
[Result "1/2-1/2"]
[WhiteElo "2555"]
[BlackElo "2590"]

1.Nf3 Nf6 2.c4 e6 3.d4 d5 4.Nc3 c6 5.e3 Nbd7 6.b3 Bd6 7.Bb2 O-O 8.Be2 dxc4
9.bxc4 e5 10.O-O exd4 11.exd4 Re8 12.c5 Bc7 13.Bc4 Nf8 14.d5 Ba5 15.d6 Be6
16.Qd4 b6 17.Rad1 bxc5 18.Qd3 Rb8 19.Ba1 Rb4 20.Nd2 Ng6 21.f4 Ng4 22.Rde1 Bxc4
23.Nxc4 Rxe1 24.Rxe1 Qh4 25.Re8+ Nf8 26.h3  1/2-1/2

[Event "URS-ch (Women)"]
[Site "Lvov"]
[Date "1991.??.??"]
[Round "?"]
[White "Prudnikova, Svetlana"]
[Black "Shumiakina, Tatiana"]
[Result "1/2-1/2"]
[WhiteElo "2280"]
[BlackElo "2290"]

1.d4 d5 2.c4 c6 3.Nc3 Nf6 4.e3 e6 5.Nf3 Nbd7 6.Bd3 dxc4 7.Bxc4 b5 8.Bd3 Bb7
9.O-O a6 10.e4 c5 11.d5 c4 12.Bc2 Qc7 13.dxe6 fxe6 14.Qe2 Bd6 15.Ng5 Nc5
16.f4 h6 17.Nh3 Nd3 18.e5 Bc5+ 19.Kh1 Nd5 20.a4 O-O 21.axb5 axb5 22.Rxa8 Bxa8
23.Nxb5 Qc6 24.Nd6 N5b4 25.Bb1 Nxe5 26.Be4 Qxd6 27.fxe5 Qd8 28.Rxf8+ Qxf8
29.Bxa8 Qxa8 30.Qxc4 Qd5 31.Qxd5 exd5 32.Nf4 g5 33.Ne2 Nd3 34.g3 Kf7 35.h4 Nxc1
36.Nxc1 gxh4 37.gxh4 Ke6 38.Nd3 Bd4 39.Kg2 Bxe5 40.Nxe5 Kxe5 41.Kf3  1/2-1/2

[Event "Lyngby op"]
[Site "Lyngby"]
[Date "1991.??.??"]
[Round "?"]
[White "Hansen, Carsten"]
[Black "Rodgaard, John"]
[Result "0-1"]
[WhiteElo "2300"]
[BlackElo "2350"]

1.d4 e6 2.c4 d5 3.Nc3 c6 4.e3 Nf6 5.Nf3 Nbd7 6.Bd3 Be7 7.O-O O-O 8.e4 dxe4
9.Nxe4 c5 10.dxc5 Nxe4 11.Bxe4 Nxc5 12.Bc2 a5 13.Qe2 b6 14.Bf4 Bb7 15.Rfd1 Qc8
16.Nd4 Re8 17.Nb5 Qc6 18.f3 e5 19.Be3 e4 20.f4 Nd3 21.Nd4 Qxc4 22.Bb3 Qc7
23.Qg4 Bc5 24.Rac1 Nxc1 25.Rxc1 Qd8 26.Rxc5 bxc5 27.Nf5 Qf6 28.Ng3 Qg6 29.Qd7 Bc6
30.Qc7 Rad8 31.f5 Qf6 32.Nh5 Qxf5 33.Ng3 Qd7 34.Qxa5 Bd5 35.Ba4 Bc6 36.Bb3 c4
37.Bxc4 Qd1+ 38.Nf1 Bd5 39.Bb5 Ra8 40.Qb4 Reb8 41.a4 Bc6 42.Qc3 Bxb5 43.axb5 Qd3
44.b6 Ra2  0-1

[Event "Wch U20 Girls"]
[Site "Mamaia"]
[Date "1991.??.??"]
[Round "?"]
[White "Koen, Maja"]
[Black "Cosma, Elena Luminita"]
[Result "1/2-1/2"]
[WhiteElo "2195"]
[BlackElo "2255"]

1.d4 d5 2.c4 e6 3.Nc3 c6 4.e3 Nf6 5.Nf3 Nbd7 6.Qc2 Bd6 7.Bd2 O-O 8.Be2 dxc4
9.Bxc4 e5 10.dxe5 Nxe5 11.Nxe5 Bxe5 12.O-O-O b5 13.Bd3 Be6 14.f4 Bc7 15.Be1 Qb8
16.Bh4 Bxf4 17.Bxf6 Bxe3+ 18.Kb1 gxf6 19.Bxh7+ Kg7 20.Rhe1 Qf4 21.Rd3 Rfe8
22.Rexe3 Bxa2+ 23.Kxa2 Rxe3 24.Rxe3 Qxe3 25.Qe4 Qc5 26.Bf5 Rd8 27.Bd7 b4
28.Na4 Qd6 29.Bxc6 Qxh2 30.Qg4+ Kf8 31.Qxb4+ Qd6 32.Qxd6+ Rxd6 33.Bf3 Ke7
34.Kb3 f5 35.Kc4 Kf6 36.Nc3 Rd2 37.b3 Kg5 38.Nb5 Ra2 39.Nd6 f6 40.b4 Kf4
41.Kd5 Rb2 42.Kc4 Rd2 43.Nb5 Ra2 44.Nd4 Ke5 45.Kc5 Ra1 46.Nc6+ Ke6 47.Kd4 Kd6
48.Ke3 Ra3+  1/2-1/2

[Event "Manila op"]
[Site "Manila"]
[Date "1991.??.??"]
[Round "?"]
[White "Adorjan, Andras"]
[Black "Nadera, Barlo A"]
[Result "1-0"]
[WhiteElo "2525"]
[BlackElo "2390"]

1.d4 Nf6 2.Nf3 e6 3.c4 d5 4.Nc3 c6 5.e3 Nbd7 6.Qc2 Be7 7.Be2 O-O 8.O-O b6
9.b3 Bb7 10.Bb2 Rc8 11.Rfd1 Bd6 12.e4 dxe4 13.Nxe4 Nxe4 14.Qxe4 Qe7 15.c5 Bb8
16.Bd3 Nf6 17.Qh4 h6 18.Ne5 Rfd8 19.Rac1 b5 20.Re1 Nd5 21.Qe4 Nf6 22.Qh4 Nd5
23.Qe4 Nf6 24.Qf3 Rd5 25.Bc2 Rcd8 26.a4 a6 27.Qe3 Bxe5 28.dxe5 Nh7 29.Be4 R5d7
30.Bc3 f5 31.exf6 Nxf6 32.Bf5 Kf8 33.Bxe6 Rd3 34.Qe5 Bc8 35.Ba5 Qxe6 36.Qxe6 Bxe6
37.Bxd8 Bxb3 38.Bxf6 gxf6 39.axb5 axb5 40.Re3 Rxe3 41.fxe3 Ke7 42.e4 Bf7
43.Kf2 Ke6 44.Ke3 Ke5 45.Rd1 Bg6 46.Rd7 f5 47.Re7+ Kf6 48.Rc7 Be8 49.e5+  1-0

[Event "Manzanillo"]
[Site "Manzanillo"]
[Date "1991.??.??"]
[Round "6"]
[White "Blanco Fernandez, Alvaro"]
[Black "Medina, J."]
[Result "0-1"]
[WhiteElo "2245"]
[BlackElo "2320"]

1.Nf3 Nf6 2.d4 d5 3.c4 c6 4.Nc3 e6 5.e3 Nbd7 6.Bd3 dxc4 7.Bxc4 b5 8.Bd3 Bb7
9.e4 b4 10.Na4 c5 11.e5 Nd5 12.O-O cxd4 13.Nxd4 Nxe5 14.Bb5+ Nd7 15.Re1 Rc8
16.Qh5 g6 17.Qe2 Be7 18.Bh6 a6 19.Bxa6 Bxa6 20.Qxa6 Ra8 21.Qc6 Qc8 22.Qxc8+ Rxc8
23.Rac1 Ra8 24.b3 g5 25.Rcd1 Rg8 26.h4 gxh4 27.Nf5 N7f6 28.Nxe7 Kxe7 29.Rd4 h3
30.g3 Rg4 31.Rxg4 Nxg4 32.Bd2 Rc8 33.Nb2 Rc2 34.Nc4 Rxa2 35.Re2 Ra1+ 36.Re1 h2+
37.Kg2 h1=Q+ 38.Kxh1 Nxf2+ 39.Kg2 Rxe1 40.Bxe1 Nd3 41.Bd2 f5  0-1

[Event "Mar del Plata op"]
[Site "Mar del Plata"]
[Date "1991.??.??"]
[Round "?"]
[White "Araya, Ricardo"]
[Black "Oblitas, Carlomagno"]
[Result "0-1"]
[WhiteElo "2250"]
[BlackElo "2350"]

1.d4 Nf6 2.Nf3 d5 3.c4 c6 4.Nc3 e6 5.e3 Nbd7 6.Bd3 Bd6 7.O-O O-O 8.e4 dxc4
9.Bxc4 e5 10.Bb3 h6 11.h3 Re8 12.Re1 Bc7 13.Be3 exd4 14.Qxd4 Ne5 15.Nxe5 Bxe5
16.Qxd8 Rxd8 17.Rad1 Be6 18.Bxe6 fxe6 19.f3 b6 20.g4 Kf7 21.Kf2 h5 22.Rxd8 Rxd8
23.Rd1 Rxd1 24.Nxd1 hxg4 25.hxg4 g6 26.Ke2 Ne8 27.b3 Nd6 28.a4 Nb7 29.Kd2 Na5
30.Kc2 c5 31.Nb2 Bxb2 32.Kxb2 e5 33.Kc3 Nc6 34.f4 exf4 35.Bxf4 Ke6 36.g5 Kd7
37.Kc4 Na5+ 38.Kc3 Kc6 39.Kc2 Nb7 40.Kd3 Nd8 41.Be5 Ne6 42.Bf6 a6 43.Kc3 b5
44.axb5+ axb5 45.Kd3 Kd6 46.Kc3 Nf4 47.Bg7 Nh3 48.Bf8+ Kc6 49.Be7 Nf2 50.e5 Kd5
51.Kc2 Ne4 52.Bf6 Ke6 53.Kd3 Kf5 54.Ke3 Nc3 55.Kd3 Nd5 56.Kd2 Nb6 57.Be7 Nd7
58.Bd6 Ke6 59.Ke3 Kd5 60.Kf4 c4 61.bxc4+ bxc4 62.Bb4 Nxe5 63.Bc3 Nd3+ 64.Ke3 Nc5
65.Bf6 Ne4 66.Bd8 Nd6 67.Kd2 Ne4+ 68.Kc2 Ke6 69.Kb2 Kf5 70.Be7 Ke6 71.Bd8 Kd5
72.Kc2 Kc5 73.Be7+ Kb5 74.Kb2 Ng3 75.Kc2 Nf5 76.Bf6 Kb4 77.Bc3+ Kc5 78.Bf6 Ne3+
79.Kd2 Nd5 80.Be5 Kb4 81.Kc2 c3 82.Bxc3+ Nxc3 83.Kd3 Nd5 84.Kd4 Ne7  0-1

[Event "WchT U26"]
[Site "Maringa"]
[Date "1991.??.??"]
[Round "4"]
[White "Fioramonti, Hung"]
[Black "Sorokin, Maxim"]
[Result "0-1"]
[WhiteElo "2290"]
[BlackElo "2500"]

1.Nf3 d5 2.c4 c6 3.d4 Nf6 4.Nc3 e6 5.e3 Nbd7 6.Bd3 dxc4 7.Bxc4 b5 8.Be2 Bb7
9.O-O a6 10.e4 c5 11.e5 Nd5 12.a4 b4 13.Ne4 cxd4 14.Qxd4 Qa5 15.Rd1 h6 16.Nfd2 Nf4
17.Bf1 Qd5 18.Nc4 Qxd4 19.Rxd4 Bxe4 20.Rxe4 Nd5 21.Ne3 Bc5 22.Nxd5 exd5 23.Re2 O-O
24.Bf4 g5 25.Bg3 f5 26.exf6 Nxf6 27.Rd1 Rac8 28.Rd3 a5 29.Rc2 Bb6 30.Re2 Rc1
31.Re6 Bc5 32.Bd6 Ne4  0-1

[Event "Meudon op"]
[Site "Meudon"]
[Date "1991.??.??"]
[Round "6"]
[White "Sokolin, Leonid M"]
[Black "Boudre, Jean Pierre"]
[Result "1-0"]
[WhiteElo "2410"]
[BlackElo "2365"]

1.d4 d5 2.c4 c6 3.Nf3 Nf6 4.e3 e6 5.Nc3 Nbd7 6.Qc2 Bd6 7.Be2 O-O 8.O-O dxc4
9.Bxc4 Qe7 10.h3 h6 11.Bb3 Re8 12.Bd2 e5 13.Nh4 Nf8 14.Nf5 Bxf5 15.Qxf5 e4
16.h4 Kh8 17.g3 Rad8 18.Rac1 Bb8 19.Rfd1 N8d7 20.Na4 g6 21.Qh3 h5 22.Ba5 Rc8
23.Be1 Bd6 24.a3 Kg8 25.Rd2 Ng4 26.Bd1 Ndf6 27.Rdc2 Qe6 28.Nc5 Bxc5 29.Rxc5 Rcd8
30.Be2 Rd5 31.Rxd5 Qxd5 32.Qf1 Rd8 33.Bb4 Qe6 34.Qd1 Qf5 35.Be1 Rd5 36.Qb3 Qd7
37.Rc5 Rxc5 38.dxc5 Nd5 39.Qa4 Qf5 40.Qxa7 Ne5 41.Qa8+ Kg7 42.Qa5 Nf3+ 43.Kg2 Qg4
44.Bc3+ Kh7 45.Qd8 Nxc3 46.bxc3 Nxh4+ 47.Qxh4 Qxe2 48.Qxe4 Qa2 49.a4 Kg7
50.Qd4+ Kg8 51.e4 Qe2 52.a5 Kh7 53.e5 Kg8 54.Qd8+ Kg7 55.Qd4 Kg8 56.c4 Kf8
57.a6 bxa6 58.Qd6+ Kg8 59.Qxc6 Qxc4 60.Qd6 Qe4+ 61.Kh2 Qc2 62.Qd8+ Kh7 63.Qf6 Kg8
64.c6 a5 65.e6 fxe6 66.Qxe6+ Kg7 67.Kg2 a4 68.Qe7+ Kh6 69.c7  1-0

[Event "Miedzybrodzie op"]
[Site "Miedzybrodzie"]
[Date "1991.??.??"]
[Round "1"]
[White "Agrest, Evgenij"]
[Black "Sopur, Lech"]
[Result "0-1"]
[WhiteElo "2475"]
[BlackElo "2280"]

1.d4 d5 2.c4 e6 3.Nf3 c6 4.Nc3 Nf6 5.e3 Nbd7 6.Qc2 Bd6 7.a3 O-O 8.Be2 dxc4
9.Bxc4 b5 10.Ba2 Bb7 11.e4 c5 12.e5 cxd4 13.exf6 dxc3 14.fxg7 Re8 15.Ng5 Nf6
16.Bb1 Rc8 17.b4 Qc7 18.f3 Kxg7 19.Nxh7 Rh8 20.Ng5 Bg3+ 21.Kf1 Qc4+ 22.Kg1 Qd4+
23.Kf1 Bd5 24.Ba2 Bxa2 25.Rxa2 Rcd8 26.Ra1 Qc4+ 27.Kg1 Rd3 28.Nh3 Qd4+ 29.Kf1 Rd1+
30.Ke2 Rxh1 31.hxg3 R8xh3  0-1

[Event "Miedzybrodzie op"]
[Site "Miedzybrodzie"]
[Date "1991.??.??"]
[Round "6"]
[White "Sagalchik, Gennadij"]
[Black "Solozhenkin, Evgeniy"]
[Result "1-0"]
[WhiteElo "2370"]
[BlackElo "2415"]

1.d4 d5 2.c4 c6 3.Nc3 Nf6 4.e3 e6 5.Nf3 Nbd7 6.Bd3 dxc4 7.Bxc4 b5 8.Bd3 Bb7
9.O-O a6 10.a4 b4 11.Ne4 c5 12.Ned2 cxd4 13.exd4 Be7 14.a5 O-O 15.Qe2 Qc7
16.Nc4 Ng4 17.Nfe5 Ngxe5 18.dxe5 Nc5 19.Bc2 Qc6 20.Qg4 b3 21.Bd1 h5 22.Qh3 Qe4
23.Nd6 Bxd6 24.exd6 Rfd8 25.Be3 Nd3 26.Bxb3 Rxd6 27.Ra4 Qe5 28.Rh4 g6 29.Bd1 Be4
30.Rxe4  1-0

[Event "Miedzybrodzie op"]
[Site "Miedzybrodzie"]
[Date "1991.??.??"]
[Round "11"]
[White "Weglarz, Leszek"]
[Black "Sopur, Lech"]
[Result "1-0"]
[WhiteElo "2360"]
[BlackElo "2280"]

1.d4 d5 2.c4 e6 3.Nc3 c6 4.e3 Nf6 5.Nf3 Nbd7 6.Be2 Bd6 7.O-O O-O 8.Qc2 dxc4
9.Bxc4 b5 10.Be2 Bb7 11.e4 e5 12.Rd1 Qb8 13.dxe5 Nxe5 14.h3 a6 15.Bg5 Nxf3+
16.Bxf3 Be5 17.Ne2 Rc8 18.Nd4 h6 19.Be3 c5 20.Nb3 c4 21.Na5 c3 22.b4 Re8
23.g3 Bc7 24.Nxb7 Qxb7 25.Bg2 Nxe4 26.Rd7 Rad8 27.Bxe4 Rxe4 28.Rxc7 Qxc7
29.Qxe4 c2 30.Rc1 Rd1+ 31.Kg2 Rxc1 32.Bxc1  1-0

[Event "POL-chT"]
[Site "Mikolajki"]
[Date "1991.??.??"]
[Round "1"]
[White "Maslanka, Robert"]
[Black "Pinkas, Karol"]
[Result "1/2-1/2"]
[WhiteElo "2300"]
[BlackElo "2360"]

1.Nf3 d5 2.d4 Nf6 3.c4 c6 4.Nc3 e6 5.e3 Ne4 6.Nxe4 dxe4 7.Nd2 f5 8.Be2 Bd6
9.O-O O-O 10.f4 exf3 11.Nxf3 Nd7 12.c5 Bc7 13.Bc4 Qe7 14.b4 Nf6 15.Qb3 Kh8
16.Bb2 Bd7 17.Rae1 Ne4 18.Bd3 a5 19.a3 Be8 20.Qc2 axb4 21.axb4 Nf6 22.e4 fxe4
23.Bxe4 Nxe4 24.Qxe4 Bf7 25.d5 cxd5 26.Qxd5 Bg8 27.Qg5 Qxg5 28.Nxg5 Rxf1+
29.Rxf1 h6 30.Nf7+ Kh7 31.Nd6 Ra2 32.Rf2 e5 33.Bxe5 Bxd6 34.cxd6 Rxf2 35.Kxf2 Be6
36.Ke3 Bd7 37.Kd4 b6 38.Kd5 Kg8 39.b5 Kf7 40.Kc4 g6 41.Bd4 Ke6 42.Bxb6 Kxd6
43.Be3 h5 44.Bf4+ Ke7 45.Kc5 Kd8 46.Kb6 Kc8 47.Ka6 Bf5 48.b6 Bd3+ 49.Ka7 Be4  1/2-1/2

[Event "POL-chT"]
[Site "Mikolajki"]
[Date "1991.??.??"]
[Round "8"]
[White "Nowak, Ignacy"]
[Black "Borkowski, Franciszek"]
[Result "1-0"]
[WhiteElo "2400"]
[BlackElo "2375"]

1.d4 Nf6 2.Nf3 d5 3.c4 c6 4.Nc3 e6 5.e3 Nbd7 6.Qc2 Bd6 7.Be2 O-O 8.O-O dxc4
9.Bxc4 e5 10.h3 b6 11.Ne4 Nxe4 12.Qxe4 Qc7 13.Qh4 Nf6 14.e4 exd4 15.Re1 Be5
16.Nxe5 Qxe5 17.f4 Qh5 18.Qf2 Rd8 19.f5 d3 20.Bd2 c5 21.Bb3 g5 22.Qg3 h6
23.Qe5 Nd7 24.Qe7 Rf8 25.e5 c4 26.Bd1 Qh4 27.Bg4 Qg3 28.Re3 Qf4 29.e6 Ne5
30.Qf6 c3 31.Rxe5 Qd4+ 32.Be3 Qa4 33.bxc3 Bb7 34.Bd4 Kh7 35.Rd5  1-0

[Event "FRA-ch Acc"]
[Site "Montpellier"]
[Date "1991.??.??"]
[Round "1"]
[White "Moulain, Jean Pierre"]
[Black "Torres, P."]
[Result "1-0"]
[WhiteElo "2225"]
[BlackElo "1900"]

1.c4 e6 2.d4 d5 3.Nf3 Nf6 4.Nc3 c6 5.e3 Nbd7 6.Bd3 Bd6 7.O-O O-O 8.e4 dxe4
9.Nxe4 Nxe4 10.Bxe4 Nf6 11.Bc2 h6 12.Qe2 c5 13.dxc5 Bxc5 14.Bf4 Qe7 15.Rad1 Bd7
16.Ne5 Rfd8 17.Nxd7 Rxd7 18.Rxd7 Qxd7 19.Rd1 Qe7 20.Be5 Rd8 21.Rd3 Rxd3 22.Qxd3 Qd7
23.Qxd7 Nxd7 24.Bc3 b6 25.Kf1 Bd6 26.b4 Ne5 27.c5 bxc5 28.bxc5 Bc7 29.Ke2 f6
30.g3 Kf7 31.Bb3 Ke7 32.f4 Nc6 33.Ba4 Nd8 34.Kd3 Nf7 35.Kc4 a6 36.Bc6 Nd8
37.Ba4 Kf7 38.Bd7 Ke7 39.Bc8 a5 40.Kb5 e5 41.fxe5 fxe5 42.Bxa5 Bxa5 43.Kxa5 e4
44.Kb6 e3 45.Bg4 Ne6 46.a4 Kd8 47.c6 g6 48.a5 Nc7 49.a6 h5 50.Be2 Kc8 51.a7 Na8+
52.Kc5 Kc7 53.Bf3 Nb6 54.Kd4 e2 55.Bxe2 Kxc6 56.a8=Q+ Nxa8 57.Bf3+ Kd6 58.Bxa8 Ke6
59.Bf3 Kf5 60.Kd5 Kg5 61.Ke5 h4 62.Be2 Kh6 63.Kf6 g5 64.Bg4 h3 65.Kf5  1-0

[Event "FRA-ch Acc"]
[Site "Montpellier"]
[Date "1991.??.??"]
[Round "2"]
[White "Wagner, Claude"]
[Black "Blandnet, Jean Marie"]
[Result "1-0"]
[WhiteElo "2280"]
[BlackElo "2220"]

1.d4 d5 2.c4 c6 3.Nc3 Nf6 4.e3 e6 5.Nf3 Nbd7 6.Be2 dxc4 7.a4 Bb4 8.Bxc4 O-O
9.O-O Qe7 10.Qb3 a5 11.Ne5 Nxe5 12.dxe5 Ng4 13.f4 Qh4 14.h3 Nh6 15.Bd2 b5
16.Be2 bxa4 17.Rxa4 Ba6 18.Bxa6 Rxa6 19.Qc4 Rb6 20.Be1 Qe7 21.Bf2 Rd8 22.e4 Rbb8
23.Be3 Kh8 24.Raa1 Ng8 25.Rf3 f6 26.Raf1 Rf8 27.Ne2 c5 28.Nc1 fxe5 29.fxe5 Rxf3
30.Rxf3 Qh4 31.Nd3 Rd8 32.Bf2 Qe7 33.Nf4 Rd1+ 34.Kh2 Rd2 35.b3 a4 36.bxa4  1-0

[Event "FRA-ch Acc"]
[Site "Montpellier"]
[Date "1991.??.??"]
[Round "3"]
[White "Dussol, Pierre"]
[Black "Torres, P."]
[Result "1/2-1/2"]
[WhiteElo "2245"]
[BlackElo "1900"]

1.d4 d5 2.Nf3 Nf6 3.c4 c6 4.Nc3 e6 5.e3 Nbd7 6.Ne5 dxc4 7.Nxd7 Nxd7 8.Bxc4 b5
9.Bb3 b4 10.Ne2 Bb7 11.O-O c5 12.f4 Bd6 13.d5 exd5 14.Bxd5 Bxd5 15.Qxd5 Nb6
16.Qc6+ Qd7 17.Qxd7+ Kxd7 18.e4 f6 19.Rd1 Kc6 20.b3 Rhd8 21.Be3 Be7 22.Kf2 Rxd1
23.Rxd1 a5 24.Rc1 Kb5 25.a4+ bxa3 26.Nc3+ Kb4 27.Bd2 Kxb3 28.Rb1+ Kc2 29.Rxb6 Kxd2
30.Nb1+ Kc1 31.Nxa3 Kd2 32.Rb7 Bf8 33.e5 fxe5 34.fxe5 Kd3 35.Rd7+ Ke4 36.Nc4 a4
37.e6 Re8 38.Ra7 Rxe6 39.Rxa4 Rf6+ 40.Ke2 Kd5 41.Ne3+ Kc6 42.Ra6+ Kb5 43.Rxf6 gxf6
44.Kd3 Bh6 45.Nc4 Bf4 46.h3 Bg3 47.Na3+ Kc6 48.Ke4 h5 49.Nc4 h4 50.Ne3 Kb5
51.Kd5  1/2-1/2

[Event "FRA-ch Acc"]
[Site "Montpellier"]
[Date "1991.??.??"]
[Round "4"]
[White "Vareille, Francois"]
[Black "Salaun, P."]
[Result "1-0"]
[WhiteElo "2325"]
[BlackElo "2110"]

1.d4 d5 2.c4 c6 3.Nf3 Nf6 4.e3 e6 5.Nc3 Nbd7 6.Qc2 Bd6 7.b3 O-O 8.Be2 Re8
9.O-O dxc4 10.bxc4 e5 11.Bb2 Qe7 12.Rae1 e4 13.Nd2 Nf8 14.f3 Ng4 15.fxg4 Qh4
16.h3 f5 17.gxf5 Bxf5 18.Rxf5 Qxe1+ 19.Nf1 Ng6 20.Qd1 Qh4 21.c5 Rf8 22.Rxf8+ Rxf8
23.cxd6 Qf2+ 24.Kh1 Nh4 25.Bc4+  1-0

[Event "Montpellier"]
[Site "Montpellier"]
[Date "1991.??.??"]
[Round "7"]
[White "Miralles, Gilles"]
[Black "Lukacs, Peter"]
[Result "1/2-1/2"]
[WhiteElo "2470"]
[BlackElo "2460"]

1.d4 d5 2.c4 e6 3.Nc3 c6 4.e3 Nf6 5.Nf3 Nbd7 6.Bd3 dxc4 7.Bxc4 b5 8.Be2 Bb7
9.O-O b4 10.Na4 Be7 11.a3 a5 12.Bd2 O-O 13.Qc2  1/2-1/2

[Event "Russian Winter op"]
[Site "Moscow"]
[Date "1991.??.??"]
[Round "?"]
[White "Maksimenko, Andrei"]
[Black "Rodin, Mihail"]
[Result "1-0"]
[WhiteElo "2370"]
[BlackElo "2355"]

1.d4 d5 2.c4 e6 3.Nf3 Nf6 4.Nc3 c6 5.e3 Nbd7 6.Bd3 dxc4 7.Bxc4 b5 8.Bd3 a6
9.e4 c5 10.d5 c4 11.Bc2 e5 12.O-O Bc5 13.Nh4 O-O 14.Nf5 g6 15.Nh6+ Kg7 16.Bg5 Qc7
17.Qd2 Nh5 18.Ng4 Kh8 19.Bh6 Re8 20.Ne2 Qd8 21.h3 f6 22.Be3 Qe7 23.Nh6 Nf8
24.g4 Ng7 25.f4 Qa7 26.Nf7+ Kg8 27.Nh6+ Kh8 28.Bxc5 Qxc5+ 29.Kg2 exf4 30.Nf7+ Kg8
31.Nh6+ Kh8 32.Rxf4 Nd7 33.Nf7+ Kg8 34.Nh6+ Kh8 35.Raf1 Rf8 36.g5 Nh5 37.R4f2 b4
38.gxf6 Nhxf6 39.Qg5 Qe7 40.Ng4 b3 41.axb3 cxb3 42.Bb1 Ng8 43.Qxe7 Rxf2+
44.Rxf2 Nxe7 45.Rf7 h5 46.Rxe7 hxg4 47.hxg4 Nc5 48.Nf4 Bxg4 49.Nxg6+ Kg8
50.e5 Bd1 51.Rc7 Na4 52.Bf5 Re8 53.d6 Nb6 54.Re7 Rxe7 55.dxe7 Kf7 56.e6+  1-0

[Event "Russian Winter op"]
[Site "Moscow"]
[Date "1991.??.??"]
[Round "?"]
[White "Glyanets, Alexander"]
[Black "Rodin, Mihail"]
[Result "0-1"]
[WhiteElo "2380"]
[BlackElo "2355"]

1.d4 d5 2.c4 e6 3.Nc3 c6 4.e3 Nf6 5.Nf3 Nbd7 6.Qc2 Bd6 7.b3 O-O 8.Be2 e5
9.cxd5 cxd5 10.dxe5 Nxe5 11.O-O Bg4 12.Nd4 Rc8 13.Bb2 Ne4 14.Bxg4 Nxg4 15.h3 Bh2+
16.Kh1 Bb8 17.Nf3 Ne5 18.Nd4 Qc7 19.Ndb5 Qa5 20.Rfc1 Nd3 21.b4 Qa6 22.f3 Nxc1  0-1

[Event "Moscow5-B"]
[Site "Moscow"]
[Date "1991.??.??"]
[Round "?"]
[White "Dragomarezkij, Evgeni"]
[Black "Ristovic, Ninad"]
[Result "1-0"]
[WhiteElo "2455"]
[BlackElo "2320"]

1.c4 e6 2.Nc3 d5 3.d4 c6 4.e3 Nf6 5.Nf3 Nbd7 6.Qc2 Bd6 7.b3 O-O 8.Be2 Re8
9.O-O dxc4 10.bxc4 e5 11.Re1 b6 12.Bb2 a6 13.Rad1 Qe7 14.Ne4 Nxe4 15.Qxe4 Bb7
16.c5 Bb8 17.cxb6 Nxb6 18.Nxe5 f6 19.Bd3 g6 20.Ng4 Kg7 21.Qxe7+ Rxe7 22.Ba3 Rd7
23.h3 Na4 24.Bc2 Nc3 25.Rd3 Nb5 26.Bc5 Bd6 27.Bxd6 Nxd6 28.Rb1 a5 29.Nh2 Ba6
30.Rc3 Bc4 31.a4 Bd5 32.Nf1 Ne4 33.Bxe4 Bxe4 34.Rb6 f5 35.Nd2 Bd5 36.Rc5 Rda7
37.Nc4 Ra6 38.Rb7+ Kh6 39.Ne5 Rf8 40.f3 Rf6 41.h4 g5 42.hxg5+ Kxg5 43.Rxh7  1-0

[Event "Moscow5"]
[Site "Moscow"]
[Date "1991.??.??"]
[Round "?"]
[White "Wessman, Richard"]
[Black "Borkowski, Franciszek"]
[Result "1/2-1/2"]
[WhiteElo "2460"]
[BlackElo "2390"]

1.d4 d5 2.c4 c6 3.Nc3 Nf6 4.e3 e6 5.Nf3 Nbd7 6.Qc2 Bd6 7.Bd2 O-O 8.h3 a6
9.g4 dxc4 10.Bxc4 b5 11.Bd3 c5 12.Ne4 Bb7 13.Nxd6  1/2-1/2

[Event "Russian Winter op"]
[Site "Moscow"]
[Date "1991.??.??"]
[Round "?"]
[White "Nasybullin, Vladislav"]
[Black "Volodin, Viktor"]
[Result "1/2-1/2"]
[WhiteElo "2350"]
[BlackElo "2225"]

1.d4 d5 2.c4 e6 3.Nc3 c6 4.Nf3 Nf6 5.e3 Nbd7 6.Qc2 Bd6 7.b3 O-O 8.Bb2 Qe7
9.Be2 Re8 10.O-O dxc4 11.Bxc4 b5 12.Be2 Bb7 13.Rac1 a6 14.Ne4 Nxe4 15.Qxe4 Rac8
16.Bd3 f5 17.Qh4 Qxh4 18.Nxh4 c5 19.Nf3 g6 20.dxc5 Nxc5 21.Be2 Ne4 22.Ne5 Rxc1
23.Rxc1 Rc8 24.Rxc8+ Bxc8 25.f3 Nc5 26.Kf2 Nd7 27.Nxd7 Bxd7 28.f4 Bc6 29.Bc3 Kf7
30.b4 Be7 31.a3 Bf6 32.Bxf6 Kxf6 33.g4 h6 34.h4 Bd5 35.Bd1 Bc6 36.Kg3 Bd5
37.Bc2 Bc6 38.Bb3 Bd5 39.g5+ Kg7 40.gxh6+ Kxh6 41.Bd1 Kg7 42.h5 gxh5 43.Bxh5 Kf6
44.Kh4 Bc6 45.Be2 Bd5 46.Kh5 Bb7 47.Kh6 Bd5 48.Kh7 Bc6 49.Kg8 Ke7 50.Kg7 Bb7
51.Bd1 Bc6 52.Bc2 Bb7 53.a4 bxa4 54.Bxa4 Bd5 55.Bc2 Bc4 56.Bd1 Bb5 57.Bf3 Bc4
58.Kg6 Bb5 59.Kg5 Bc4 60.Bb7 Kd6 61.e4  1/2-1/2

[Event "Russian Winter op"]
[Site "Moscow"]
[Date "1991.??.??"]
[Round "?"]
[White "Tataev, Manach"]
[Black "Rodin, Mihail"]
[Result "0-1"]
[WhiteElo "2275"]
[BlackElo "2355"]

1.d4 d5 2.c4 e6 3.Nc3 c6 4.e3 Nf6 5.Nf3 Nbd7 6.a3 Bd6 7.Qc2 O-O 8.cxd5 exd5
9.Bd3 Re8 10.Bd2 Qe7 11.O-O-O b5 12.Na2 a5 13.Kb1 b4 14.a4 c5 15.dxc5 Nxc5
16.b3 Nxd3 17.Qxd3 Ne4 18.Qf1 Qf6 19.Bc1 Nxf2 20.Bb2 Qg6+ 21.Ka1 Nxh1 22.Qxh1 Rxe3
23.Qg1 Rxb3 24.Nd4 Rd3 25.Re1 Bd7 26.Nb5 Bxb5 27.axb5 Rd2 28.Qe3 Qc2 29.Rb1 Bc5  0-1

[Event "Moscow4"]
[Site "Moscow"]
[Date "1991.??.??"]
[Round "?"]
[White "Dragomarezkij, Evgeni"]
[Black "Tal, Mihail"]
[Result "1/2-1/2"]
[WhiteElo "2455"]
[BlackElo "2565"]

1.d4 d5 2.c4 c6 3.Nc3 Nf6 4.e3 e6 5.Nf3 Nbd7 6.Qc2 Bd6 7.b3 O-O 8.Be2 a6
9.O-O e5 10.cxd5 cxd5 11.dxe5 Nxe5 12.Bb2 Be6 13.Rac1 Rc8 14.Rfd1 Ne4 15.Qb1 Nxf3+
16.Bxf3 Bxh2+ 17.Kf1 f5 18.Nxe4 fxe4 19.Bxe4 Rxf2+ 20.Kxf2 Qh4+ 21.Ke2 dxe4
22.Rxc8+ Bxc8 23.Rh1 Qg4+ 24.Kf1 Qf5+ 25.Ke2 Bg3 26.Rf1 Qb5+ 27.Kd2 Bg4 28.Bd4 g5
29.Qxe4 Qe2+ 30.Kc3 Qxf1 31.Qxg4 Qc1+ 32.Kd3 Qb1+ 33.Kc4 Qf1+ 34.Kc3  1/2-1/2

[Event "Moscow4"]
[Site "Moscow"]
[Date "1991.??.??"]
[Round "?"]
[White "Vaganian, Rafael A"]
[Black "Kramnik, Vladimir"]
[Result "1/2-1/2"]
[WhiteElo "2585"]
[BlackElo "2480"]

1.d4 d5 2.c4 c6 3.Nf3 Nf6 4.Nc3 e6 5.e3 Nbd7 6.Bd3 dxc4 7.Bxc4 b5 8.Bd3 Bb7
9.e4 b4 10.Na4 c5 11.e5 Nd5 12.O-O cxd4 13.Re1 g6 14.Bg5 Qa5 15.Nxd4 a6 16.a3 bxa3
17.bxa3 Bg7 18.Bd2 Qd8 19.Nf3 O-O 20.Rc1 Rc8 21.Qe2 Rxc1 22.Rxc1 Qe7  1/2-1/2